[Event "Campeonato Brasileiro Amador 2016 U2200"]
[Site "Esporte Clube Pinheiros"]
[Date "2016.05.27"]
[Round "3.6"]
[White "Martins, Anmartom Mugabe Lour"]
[Black "Bruce, Shannon Hill"]
[Result "0-1"]
[WhiteElo "1998"]
[BlackElo "2145"]
[PlyCount "64"]
[EventDate "2016.05.26"]

1. e4 d6 2. d4 Nf6 3. Nc3 g6 4. f3 a6 5. a4 Nc6 6. Be3 Bg7 7. Bc4 O-O 8. Nge2
Nb4 9. Bb3 Nd7 10. g4 e5 11. h4 exd4 12. Bxd4 Ne5 13. Ng1 Be6 14. Nd5 Bxd5 15.
exd5 Ned3+ 16. cxd3 Bxd4 17. Qd2 Re8+ 18. Kf1 a5 19. h5 Qf6 20. Kg2 Bxb2 21.
Rf1 Bd4 22. Bc4 Be3 23. Qd1 Qb2+ 24. Qe2 Nc2 25. Nh3 Bd4 26. Qxe8+ Rxe8 27. Kg3
Ne3 28. Rf2 Nf5+ 29. gxf5 Bxf2+ 30. Nxf2 gxf5 31. Nh3 Kh8 32. Kh4 Rg8 0-1

[Event "Campeonato Brasileiro Amador 2016 U2200"]
[Site "Esporte Clube Pinheiros"]
[Date "2016.05.27"]
[Round "3.7"]
[White "Brandao, Renan Alves"]
[Black "Noseda, Francesco"]
[Result "1-0"]
[WhiteElo "2116"]
[BlackElo "1966"]
[PlyCount "51"]
[EventDate "2016.05.26"]

1. d4 Nf6 2. c4 e6 3. g3 d5 4. Nf3 Be7 5. Bg2 O-O 6. Nbd2 c5 7. O-O Nc6 8. cxd5
Nxd5 9. dxc5 Bxc5 10. Qc2 Be7 11. a3 a5 12. e4 Nf6 13. Rd1 Qc7 14. Nc4 b5 15.
Bf4 Qb7 16. Nd6 Bxd6 17. Bxd6 Rd8 18. e5 Nd5 19. Ng5 g6 20. Ne4 Bd7 21. Qd2 Kg7
22. Nf6 Nxf6 23. exf6+ Kxf6 24. Be5+ Ke7 25. Qd6+ Ke8 26. Bg7 1-0

[Event "Campeonato Brasileiro Amador 2016 U2200"]
[Site "Esporte Clube Pinheiros"]
[Date "2016.05.27"]
[Round "3.8"]
[White "Viaro Baccarin, Natalia"]
[Black "Pacheco, Helcio"]
[Result "0-1"]
[WhiteElo "1962"]
[BlackElo "2110"]
[PlyCount "50"]
[EventDate "2016.05.26"]

1. e4 e5 2. Nf3 Nc6 3. d4 exd4 4. Nxd4 Nf6 5. Nxc6 bxc6 6. e5 Qe7 7. Qe2 Nd5 8.
c4 Ba6 9. Qe4 Nb6 10. Nc3 g6 11. Be2 Bg7 12. f4 O-O 13. b3 f6 14. exf6 Qxf6 15.
Bd2 Rae8 16. Qf3 Qe7 17. Rc1 d5 18. O-O d4 19. Nb1 Qxe2 20. Qxc6 Qe4 21. Qxc7
Bb7 22. Rf3 Rf7 23. Qc5 d3 24. Qg5 Bd4+ 25. Kh1 Qxf3 0-1

[Event "Campeonato Brasileiro Amador 2016 U2200"]
[Site "Esporte Clube Pinheiros"]
[Date "2016.05.27"]
[Round "3.9"]
[White "Trombini, Fabio"]
[Black "Coutinho, Sidnei Bissacot"]
[Result "1-0"]
[WhiteElo "1926"]
[BlackElo "2089"]
[PlyCount "109"]
[EventDate "2016.05.26"]

1. e4 c6 2. d4 d5 3. Nc3 dxe4 4. Nxe4 Bf5 5. Ng3 Bg6 6. h4 h6 7. Nf3 Nd7 8. h5
Bh7 9. Bd3 Bxd3 10. Qxd3 e6 11. Bd2 Ngf6 12. O-O-O Bd6 13. Ne4 Nxe4 14. Qxe4
Nf6 15. Qe2 Qc7 16. g3 a5 17. c4 b6 18. Kb1 O-O 19. Ne5 c5 20. Ng4 Nxg4 21.
Qxg4 f5 22. Qe2 cxd4 23. Qxe6+ Kh7 24. Rhe1 Rf6 25. Qd5 Rd8 26. Qxd4 Bxg3 27.
Qe3 Bh4 28. Bc3 Rxd1+ 29. Rxd1 Rd6 30. Rxd6 Qxd6 31. Qd4 Qxd4 32. Bxd4 Bd8 33.
Be5 g6 34. hxg6+ Kxg6 35. Kc2 Bf6 36. Bg3 Kg5 37. f3 h5 38. b3 h4 39. Bh2 Bd4
40. Kd3 Bf2 41. Bc7 Bg3 42. Bd8+ Kf4 43. Ke2 Ke5 44. Kf1 Kf4 45. Ke2 Ke5 46.
Bxb6 Kd6 47. Bxa5 h3 48. Kf1 Kc5 49. Bc3 Kc6 50. b4 Kc7 51. Kg1 Kc6 52. a4 Bd6
53. a5 Bf4 54. Bd4 Bd6 55. b5+ 1-0

[Event "Campeonato Brasileiro Amador 2016 U2200"]
[Site "Esporte Clube Pinheiros"]
[Date "2016.05.27"]
[Round "3.10"]
[White "Florencio, Yuri Matos"]
[Black "Moyses Sobrinho, Elias"]
[Result "1-0"]
[WhiteElo "2073"]
[BlackElo "1914"]
[PlyCount "111"]
[EventDate "2016.05.26"]

1. e4 d5 2. exd5 Nf6 3. Bb5+ Bd7 4. Bc4 Bg4 5. f3 Bf5 6. g4 Bg6 7. Nc3 c6 8.
dxc6 Nxc6 9. Bb5 e5 10. Qe2 Bd6 11. Bxc6+ bxc6 12. d3 Qb6 13. Nh3 O-O 14. Nf2
Nd5 15. Nfe4 Nxc3 16. bxc3 Bc7 17. g5 Bxe4 18. Qxe4 f5 19. Qb4 Qa6 20. Qa3 Qc8
21. Be3 f4 22. Bf2 Qh3 23. Ke2 a5 24. Qb3+ Kh8 25. Qb7 Qd7 26. Bb6 Rfc8 27.
Bxc7 Qxc7 28. Qxc7 Rxc7 29. Rab1 Kg8 30. Kf2 Kf7 31. Rhe1 Re7 32. Rb6 Re6 33.
a4 Ra7 34. Reb1 Kg6 35. Rb7 Re7 36. Rxa7 Rxa7 37. Rb6 Kxg5 38. Rxc6 Rb7 39. Rc5
Rb2 40. Rxe5+ Kf6 41. Rc5 Rxc2+ 42. Kg1 Rc1+ 43. Kg2 Ra1 44. Rxa5 Ra3 45. Rc5
Rxa4 46. Kh3 Ra2 47. Kg4 Rxh2 48. Kxf4 Rh4+ 49. Kg3 Ra4 50. d4 g5 51. Kg4 h6
52. Rc6+ Kg7 53. c4 Ra1 54. Kf5 Ra2 55. d5 Rf2 56. Kg4 1-0

[Event "Campeonato Brasileiro Amador 2016 U2200"]
[Site "Esporte Clube Pinheiros"]
[Date "2016.05.27"]
[Round "3.11"]
[White "Chi Haur, Wu"]
[Black "Reis Junior, Evandro De Laet"]
[Result "0-1"]
[WhiteElo "1574"]
[BlackElo "2023"]
[PlyCount "49"]
[EventDate "2016.05.26"]

1. d4 Nf6 2. c4 e6 3. Nf3 b6 4. Bg5 Bb7 5. e3 Be7 6. Nc3 d5 7. Bd3 Nbd7 8. O-O
O-O 9. Rc1 c5 10. Ne5 dxc4 11. Bxc4 h6 12. Bh4 a6 13. a4 Ne4 14. Bxe7 Qxe7 15.
Ne2 Rfd8 16. Qc2 cxd4 17. Nxd7 Rxd7 18. f3 Nd6 19. Nxd4 Rc8 20. Qb3 Rdc7 21.
Bxe6 Rxc1 22. Bxc8 Rxf1+ 23. Kxf1 Nxc8 24. Nf5 Qc5 25. Nxh6+ 0-1

[Event "Campeonato Brasileiro Amador 2016 U2200"]
[Site "Esporte Clube Pinheiros"]
[Date "2016.05.27"]
[Round "3.12"]
[White "Almeida, Gianluca Jorio"]
[Black "Souza, Rafael Cabral De"]
[Result "1/2-1/2"]
[WhiteElo "1971"]
[BlackElo "2166"]
[PlyCount "102"]
[EventDate "2016.05.26"]

1. c4 Nf6 2. d4 e6 3. Nc3 Bb4 4. Nf3 d5 5. e3 O-O 6. Bd3 c5 7. O-O Nc6 8. a3
cxd4 9. exd4 Be7 10. c5 b6 11. b4 bxc5 12. bxc5 Bd7 13. Qc2 Re8 14. Re1 Bf8 15.
h3 Rc8 16. Bf4 Qa5 17. Bd2 Qd8 18. Rab1 Nxd4 19. Nxd4 Bxc5 20. Nf3 Bxa3 21. Qa2
Bc5 22. Nb5 Bc6 23. Be3 Bxe3 24. Rxe3 Bxb5 25. Bxb5 Re7 26. Ba6 Rb8 27. Reb3
Rb6 28. Rc3 Re8 29. Rbc1 Qd6 30. Bf1 Rb7 31. Rc6 Qf4 32. Rc8 Rb8 33. R8c7 Ra8
34. Qd2 Qd6 35. Qd4 a5 36. Qc5 Qxc5 37. R7xc5 Ne4 38. Rc7 a4 39. Bb5 Rf8 40.
Ra1 a3 41. Rc2 g6 42. Bd3 Ra4 43. Rca2 Rfa8 44. Bxe4 dxe4 45. Ne1 Kf8 46. Nc2
Rc8 47. Rxa3 Rxa3 48. Nxa3 Rc5 49. Re1 f5 50. Nb1 Rc2 51. Na3 Rc5 1/2-1/2

[Event "Campeonato Brasileiro Amador 2016 U2200"]
[Site "Esporte Clube Pinheiros"]
[Date "2016.05.27"]
[Round "3.13"]
[White "Lukjanenko Callegari, Lucca"]
[Black "Winfridsson, Ola"]
[Result "0-1"]
[WhiteElo "1281"]
[BlackElo "2075"]
[PlyCount "40"]
[EventDate "2016.05.26"]

1. b3 e5 2. Bb2 d6 3. c4 Nf6 4. Nc3 g6 5. Nf3 Bg7 6. d4 e4 7. Nd2 e3 8. Nde4
Nxe4 9. Nxe4 Qh4 10. Qd3 Bf5 11. Qxe3 Qxe4 12. Qxe4+ Bxe4 13. f3 Bf5 14. e4 Bd7
15. Bd3 Nc6 16. d5 Bxb2 17. dxc6 Bxc6 18. Rb1 Bd4 19. Ke2 a5 20. Rhd1 O-O 0-1

[Event "Campeonato Brasileiro Amador 2016 U2200"]
[Site "Esporte Clube Pinheiros"]
[Date "2016.05.27"]
[Round "4.1"]
[White "Batista, Gerson Peres"]
[Black "Rodrigues, Tiago Pereira"]
[Result "1-0"]
[WhiteElo "2175"]
[BlackElo "2138"]
[PlyCount "92"]
[EventDate "2016.05.26"]

1. e4 e5 2. Nf3 Nc6 3. Bb5 Nge7 4. c3 a6 5. Ba4 g6 6. O-O Bg7 7. d4 exd4 8.
cxd4 b5 9. Bb3 O-O 10. Nc3 Na5 11. Bc2 Bb7 12. Bg5 d6 13. Re1 Qd7 14. Rc1 Rfe8
15. Qd3 Rad8 16. d5 f6 17. Bf4 Nc4 18. Bb3 Na5 19. Nd4 Nxb3 20. axb3 c5 21. Ne6
Ra8 22. Qg3 Nc8 23. h4 a5 24. Re3 a4 25. bxa4 bxa4 26. Ra1 Ra6 27. Ree1 Ne7 28.
Qd3 Ra5 29. h5 Rb8 30. hxg6 hxg6 31. Qg3 Bc8 32. Bxd6 Rxb2 33. Nxc5 Qa7 34.
Rxa4 Rxa4 35. N3xa4 Rb5 36. Bxe7 Qxe7 37. d6 Qf7 38. Qd3 Bd7 39. Nxd7 Qxd7 40.
Qc4+ Kh7 41. Rd1 Rb8 42. Nc5 Qc6 43. Qd5 Qc8 44. d7 Qf8 45. Ne6 Qf7 46. d8=Q
Rxd8 1-0

[Event "Campeonato Brasileiro Amador 2016 U2200"]
[Site "Esporte Clube Pinheiros"]
[Date "2016.05.27"]
[Round "4.2"]
[White "Andrade, Roberto Luiz Costa"]
[Black "Cadilhac, Igor Tokuichi Kikuch"]
[Result "1-0"]
[WhiteElo "2120"]
[BlackElo "2129"]
[PlyCount "41"]
[EventDate "2016.05.26"]

1. e4 c5 2. Nf3 d6 3. c3 Nf6 4. Be2 Nc6 5. d4 cxd4 6. cxd4 Nxe4 7. d5 Qa5+ 8.
Nc3 Nxc3 9. bxc3 Nb8 10. O-O Nd7 11. Rb1 Qxa2 12. Bf4 Nb6 13. Bb5+ Bd7 14.
Bxd7+ Kxd7 15. Rb5 Qc4 16. Rb4 Qxc3 17. Qb1 Rc8 18. Rxb6 axb6 19. Rc1 Qa5 20.
Qf5+ e6 21. Qxf7+ 1-0

[Event "Campeonato Brasileiro Amador 2016 U2200"]
[Site "Esporte Clube Pinheiros"]
[Date "2016.05.27"]
[Round "4.3"]
[White "Pacheco, Helcio"]
[Black "Silva, Luiz Thiago"]
[Result "1-0"]
[WhiteElo "2110"]
[BlackElo "1872"]
[PlyCount "103"]
[EventDate "2016.05.26"]

1. d4 Nf6 2. c4 e6 3. g3 d5 4. Nf3 Bb4+ 5. Bd2 Be7 6. Bg2 b6 7. O-O c6 8. b3
Bb7 9. Bc3 O-O 10. Nbd2 Nbd7 11. e3 Rc8 12. Rc1 dxc4 13. Nxc4 c5 14. Qe2 Qc7
15. Rfd1 Qb8 16. Nfe5 Bxg2 17. Kxg2 Qb7+ 18. Qf3 Qxf3+ 19. Kxf3 b5 20. Nxd7
Nxd7 21. dxc5 Nxc5 22. Nd6 Rb8 23. Ba5 Bxd6 24. Rxd6 Nb7 25. Ra6 Nxa5 26. Rxa5
Rb7 27. Rc5 Rfb8 28. h4 Kf8 29. h5 b4 30. Ke4 Rd8 31. f3 Rd2 32. g4 Ke7 33. Rc8
h6 34. Ra8 Rdd7 35. Rg8 Kd6 36. Rc8 Ke7 37. f4 f6 38. Rc4 Rd2 39. Rc6 Rd6 40.
Rxd6 Kxd6 41. Kd4 Rc7 42. Ra6+ Ke7 43. Ra4 a5 44. Rxa5 Rc2 45. Ra7+ Kd6 46.
Rxg7 Rxa2 47. Rg6 Rb2 48. Kc4 Re2 49. Rxf6 Rxe3 50. Kxb4 Kd5 51. g5 e5 52. g6
1-0

[Event "Campeonato Brasileiro Amador 2016 U2200"]
[Site "Esporte Clube Pinheiros"]
[Date "2016.05.27"]
[Round "4.4"]
[White "Ikeda, Vinicius Yasuto"]
[Black "Leitao, Nicolau"]
[Result "0-1"]
[WhiteElo "2070"]
[BlackElo "2164"]
[PlyCount "64"]
[EventDate "2016.05.26"]

1. d4 Nf6 2. c4 e6 3. g3 b6 4. Bg2 c6 5. Nf3 Ba6 6. b3 Bb4+ 7. Bd2 Be7 8. O-O
O-O 9. Bc3 d5 10. Nbd2 Nbd7 11. Re1 Rc8 12. e4 dxe4 13. Ne5 c5 14. Nxe4 cxd4
15. Qxd4 Nxe4 16. Qxe4 Nf6 17. Qf3 Rc7 18. Nc6 Qe8 19. Be5 Rd7 20. Nb8 Bb7 21.
Qc3 Bxg2 22. Nxd7 Nxd7 23. Bxg7 Qa8 24. Re3 Bh3 25. f3 Bc5 26. Bd4 Bf5 27. Rd1
Bg6 28. Kg2 Qc6 29. b4 Qa4 30. Bxc5 bxc5 31. Qd2 Nb6 32. bxc5 Nxc4 0-1

[Event "Campeonato Brasileiro Amador 2016 U2200"]
[Site "Esporte Clube Pinheiros"]
[Date "2016.05.27"]
[Round "4.5"]
[White "Bruce, Shannon Hill"]
[Black "Florencio, Yuri Matos"]
[Result "0-1"]
[WhiteElo "2145"]
[BlackElo "2073"]
[PlyCount "76"]
[EventDate "2016.05.26"]

1. Nf3 Nf6 2. g3 b6 3. Bg2 Bb7 4. c4 c5 5. O-O g6 6. Nc3 Bg7 7. d4 cxd4 8. Qxd4
d6 9. Rd1 Nbd7 10. Rb1 Rc8 11. b3 O-O 12. Qh4 a6 13. a4 Re8 14. Bh6 Bh8 15. Bh3
Rc5 16. Ng5 Qc7 17. f3 e6 18. e4 Nh5 19. Ne2 Bf6 20. g4 Rxg5 21. Bxg5 Qc5+ 22.
Qf2 Qxg5 23. Rxd6 Nc5 24. f4 Nxf4 25. Qxf4 Qxf4 26. Nxf4 Be5 27. Rxb6 Bxf4 28.
Bg2 Bc7 29. Rxb7 Nxb7 30. b4 Be5 31. c5 Nd8 32. Rc1 Nc6 33. b5 axb5 34. axb5
Nd4 35. Bf1 Nb3 36. Rb1 Nxc5 37. Rb4 Nd7 38. Kg2 Nb6 0-1

[Event "Campeonato Brasileiro Amador 2016 U2200"]
[Site "Esporte Clube Pinheiros"]
[Date "2016.05.27"]
[Round "4.6"]
[White "Loureiro, Anderson Felix"]
[Black "Trombini, Fabio"]
[Result "1/2-1/2"]
[WhiteElo "2132"]
[BlackElo "1926"]
[PlyCount "84"]
[EventDate "2016.05.26"]

1. e4 e5 2. Nf3 Nc6 3. Bb5 a6 4. Ba4 Nf6 5. d3 b5 6. Bb3 Be7 7. O-O d6 8. c3
O-O 9. a4 b4 10. a5 Rb8 11. Nbd2 h6 12. Re1 Re8 13. Bc4 bxc3 14. bxc3 Na7 15.
d4 Bf8 16. Qc2 Nb5 17. Bb2 c6 18. Bf1 Bb7 19. dxe5 dxe5 20. Nc4 Qc7 21. Rad1
Nd7 22. Rd2 Rbd8 23. Red1 f6 24. Nb6 Nc5 25. Nh4 Kh7 26. Be2 Rxd2 27. Rxd2 Rd8
28. Bh5 Rxd2 29. Qxd2 Qd6 30. Qxd6 Bxd6 31. Bg6+ Kg8 32. c4 Nd4 33. Kf1 Nd3 34.
Bc3 Bb4 35. Bxb4 Nxb4 36. c5 Nb3 37. Nc4 Nxc5 38. Nd6 Kf8 39. Be8 Ba8 40. Ng6+
Kg8 41. Bf7+ Kh7 42. Nf8+ Kh8 1/2-1/2

[Event "Campeonato Brasileiro Amador 2016 U2200"]
[Site "Esporte Clube Pinheiros"]
[Date "2016.05.27"]
[Round "4.7"]
[White "Reis Junior, Evandro De Laet"]
[Black "Brandao, Renan Alves"]
[Result "0-1"]
[WhiteElo "2023"]
[BlackElo "2116"]
[PlyCount "110"]
[EventDate "2016.05.26"]

1. d4 c5 2. e4 cxd4 3. Nf3 Nc6 4. Nxd4 e6 5. Nc3 a6 6. Be2 Qc7 7. Be3 Nf6 8.
O-O d6 9. f4 Be7 10. a4 O-O 11. Bf3 Na5 12. g4 Nc4 13. Bc1 e5 14. Nf5 Bxf5 15.
gxf5 Qc5+ 16. Kh1 exf4 17. Qe2 Rfe8 18. Rg1 Ne3 19. Bxe3 fxe3 20. Rge1 d5 21.
e5 Ne4 22. Bxe4 dxe4 23. Qxe3 Qxe5 24. Qxe4 Bd6 25. Qxe5 Bxe5 26. Ra3 Rad8 27.
Re2 Kf8 28. Rb3 Bxc3 29. Rxe8+ Kxe8 30. Rxc3 Rd5 31. f6 gxf6 32. Rc7 Rd7 33.
Rc3 Ke7 34. Kg2 f5 35. Kg3 Kf6 36. Rc5 Re7 37. Kf3 h5 38. b4 h4 39. b5 Re5 40.
Rc7 axb5 41. Rxb7 bxa4 42. Ra7 Re4 43. Ra5 Rc4 44. Ra8 Rc6 45. Kf4 Rc4+ 46. Kf3
Ke6 47. Ra6+ Ke5 48. Ra5+ Kd4 49. Rxf5 Kc3 50. Rxf7 a3 51. Ra7 Kb2 52. Ke3 a2
53. Kd3 Rc3+ 54. Kd4 Ra3 55. Rb7+ Kc1 0-1

[Event "Campeonato Brasileiro Amador 2016 U2200"]
[Site "Esporte Clube Pinheiros"]
[Date "2016.05.27"]
[Round "4.8"]
[White "Lopes, Marcelo Ferreira"]
[Black "Rodrigues, Nei Jorge"]
[Result "1/2-1/2"]
[WhiteElo "2020"]
[BlackElo "2060"]
[PlyCount "118"]
[EventDate "2016.05.26"]

1. e4 d6 2. d4 g6 3. Nf3 Bg7 4. Nc3 c6 5. a4 Nf6 6. Be2 O-O 7. O-O Qc7 8. a5
Nbd7 9. Re1 Rb8 10. Bc4 e5 11. dxe5 Nxe5 12. Nxe5 dxe5 13. Be3 b6 14. axb6 axb6
15. f3 Qe7 16. Qd2 Rd8 17. Ra7 Rb7 18. Rxb7 Bxb7 19. Qf2 c5 20. Ra1 Bc6 21. Qe2
Ra8 22. Rxa8+ Bxa8 23. Qd1 Bf8 24. Qa1 Bc6 25. Qa6 Qc7 26. Nd5 Nxd5 27. Bxd5
Kg7 28. c4 Bd6 29. Kf2 Bd7 30. Qa8 Qb8 31. Qxb8 Bxb8 32. Ke2 h6 33. Kd2 f5 34.
Kc3 Bd6 35. b3 Be7 36. Kd3 h5 37. Ke2 f4 38. Bf2 g5 39. h3 g4 40. hxg4 hxg4 41.
g3 Kg6 42. gxf4 exf4 43. fxg4 Bxg4+ 44. Kd2 Bg5 45. b4 Be7 46. bxc5 bxc5 47.
Bc6 Be6 48. Kd3 Kg5 49. Ba4 Kg4 50. Bd1+ Kh3 51. Bf3 Bd7 52. Ke2 Bg4 53. Bg1
Bd6 54. Bf2 Be7 55. e5 Be6 56. Bd5 Bg4+ 57. Bf3 Bf5 58. Bd5 Bg4+ 59. Bf3 Bf8
1/2-1/2

[Event "Campeonato Brasileiro Amador 2016 U2200"]
[Site "Esporte Clube Pinheiros"]
[Date "2016.05.27"]
[Round "4.9"]
[White "Souza, Rafael Cabral De"]
[Black "Viaro Baccarin, Natalia"]
[Result "1-0"]
[WhiteElo "2166"]
[BlackElo "1962"]
[PlyCount "55"]
[EventDate "2016.05.26"]

1. e4 c5 2. Nf3 Nc6 3. Bb5 g6 4. O-O Bg7 5. Re1 Nd4 6. Bc4 e6 7. Nxd4 cxd4 8.
c3 Ne7 9. cxd4 Bxd4 10. Nc3 O-O 11. d3 a6 12. Bh6 Qb6 13. Bxf8 Bxf2+ 14. Kh1
Kxf8 15. Re2 Nc6 16. Qd2 Bd4 17. Rf1 Qc7 18. Qh6+ Kg8 19. Nd5 Qd8 20. e5 Bxe5
21. Rxe5 exd5 22. Rxd5 Qf8 23. Qf4 b5 24. Bb3 Nd8 25. Qg3 Kh8 26. Re5 Bb7 27.
Qf2 f5 28. Re8 1-0

[Event "Campeonato Brasileiro Amador 2016 U2200"]
[Site "Esporte Clube Pinheiros"]
[Date "2016.05.27"]
[Round "4.10"]
[White "Coutinho, Sidnei Bissacot"]
[Black "Almeida, Gianluca Jorio"]
[Result "0-1"]
[WhiteElo "2089"]
[BlackElo "1971"]
[PlyCount "107"]
[EventDate "2016.05.26"]

1. e4 c5 2. Nf3 Nc6 3. d4 cxd4 4. Nxd4 g6 5. Be3 Bg7 6. Nc3 Nf6 7. Be2 O-O 8.
Qd2 d5 9. exd5 Nxd5 10. Nxc6 bxc6 11. Nxd5 cxd5 12. c3 Bb7 13. O-O Qc7 14. Bh6
Bxh6 15. Qxh6 Qb6 16. Rab1 Rad8 17. Rfd1 Rfe8 18. Rd3 Qf6 19. Rbd1 e5 20. Rh3
Qg7 21. Qh4 Bc6 22. Qb4 Qf6 23. Qc5 Re7 24. b4 d4 25. Rhd3 Be4 26. R3d2 Red7
27. f3 Ba8 28. cxd4 exd4 29. Rd3 Qc6 30. Qg5 Qe6 31. Qd2 Bc6 32. Ra3 d3 33. Bf1
Bb5 34. Re1 Qb6+ 35. Qf2 d2 36. Rd1 Bxf1 37. Kxf1 Qxb4 38. Rb3 Qc4+ 39. Qe2 Qc5
40. Re3 Qc2 41. a3 Kg7 42. g3 Rd3 43. Rxd3 Qxd3 44. a4 Qc3 45. f4 Rd5 46. Kf2
a5 47. Qe3 Qc2 48. Ke2 Qc4+ 49. Kf2 Qxa4 50. Rxd2 Rxd2+ 51. Qxd2 Qb4 52. Qe3
Qb2+ 53. Kf3 a4 54. Qc5 0-1

[Event "Campeonato Brasileiro Amador 2016 U2200"]
[Site "Esporte Clube Pinheiros"]
[Date "2016.05.27"]
[Round "4.11"]
[White "Winfridsson, Ola"]
[Black "Chi Haur, Wu"]
[Result "1-0"]
[WhiteElo "2075"]
[BlackElo "1574"]
[PlyCount "79"]
[EventDate "2016.05.26"]

1. d4 Nf6 2. c4 e6 3. g3 c5 4. d5 exd5 5. cxd5 d6 6. Nc3 a6 7. a4 Bf5 8. Bg2
Be7 9. e4 Bg6 10. f4 Qc7 11. Qe2 Nbd7 12. Nf3 Bh5 13. h3 Bxf3 14. Bxf3 O-O-O
15. O-O Ne8 16. Be3 Kb8 17. a5 Rg8 18. Rfc1 g5 19. Kh2 Rc8 20. Na4 h5 21. Bxh5
Nef6 22. Bf3 g4 23. hxg4 Rg7 24. g5 Rcg8 25. b4 Nh7 26. bxc5 dxc5 27. Nxc5 Nxc5
28. e5 Nxg5 29. fxg5 Rxg5 30. d6 Qd7 31. Bxg5 Bxg5 32. Rxc5 Rh8+ 33. Bh5 Qf5
34. Rf1 Rxh5+ 35. Qxh5 Qxf1 36. Qxg5 Qf2+ 37. Kh3 Qxc5 38. d7 f6 39. d8=Q+ Ka7
40. Qgg8 1-0

[Event "Campeonato Brasileiro Amador 2016 U2200"]
[Site "Esporte Clube Pinheiros"]
[Date "2016.05.27"]
[Round "4.12"]
[White "Noseda, Francesco"]
[Black "Martins, Anmartom Mugabe Lour"]
[Result "0-1"]
[WhiteElo "1966"]
[BlackElo "1998"]
[PlyCount "158"]
[EventDate "2016.05.26"]

1. e4 c5 2. Nf3 d6 3. d4 cxd4 4. Nxd4 Nf6 5. Nc3 a6 6. Bg5 e6 7. f4 Be7 8. Qf3
Qc7 9. O-O-O Nc6 10. Nxc6 Qxc6 11. Bd3 Bd7 12. Rhe1 O-O-O 13. Kb1 Kb8 14. Qg3
h6 15. Bxf6 gxf6 16. Qf2 Rc8 17. f5 Qc7 18. Qe2 Qa5 19. Qd2 Qe5 20. g3 h5 21.
Qf4 Qa5 22. Qd2 Rcg8 23. Ne2 Qb6 24. Nf4 h4 25. Rg1 Qc5 26. g4 d5 27. Rdf1 dxe4
28. Bxe4 Bb5 29. Nd3 Qd4 30. Qg2 Rc8 31. Qf3 Rc7 32. Rd1 Qb6 33. Qf2 Qa5 34.
Rge1 Ba4 35. Rd2 e5 36. Qe2 Bb5 37. Qd1 Qb6 38. Nc1 a5 39. Bd3 Bc6 40. Be4 Ba4
41. Nb3 Rhc8 42. Bd5 Be8 43. Nc1 Ba3 44. Bb3 Bb4 45. c3 Be7 46. Ka1 Qa7 47. Bd5
a4 48. a3 Qb6 49. Na2 Bc5 50. Nb4 Bxb4 51. axb4 a3 52. c4 Qxb4 53. bxa3 Qxa3+
54. Ra2 Qc3+ 55. Rb2 Rd8 56. Kb1 Bc6 57. Qe2 Bxd5 58. cxd5 Rxd5 59. Rd1 Rcd7
60. Rc1 Qd3+ 61. Qxd3 Rxd3 62. Rb6 R7d6 63. Rxd6 Rxd6 64. Rc3 Rc6 65. Rh3 Kc7
66. Rxh4 Kd6 67. Rh8 e4 68. Re8 Kd5 69. h4 Rc3 70. h5 Rh3 71. Kc2 Kd4 72. Kd2
Rh2+ 73. Kd1 b5 74. Rb8 Kd3 75. Rd8+ Ke3 76. Rb8 Kf3 77. Rxb5 Kg3 78. Rb6 Kf4
79. Rb5 Kxg4 0-1

[Event "Campeonato Brasileiro Amador 2016 U2200"]
[Site "Esporte Clube Pinheiros"]
[Date "2016.05.28"]
[Round "5.1"]
[White "Andrade, Roberto Luiz Costa"]
[Black "Batista, Gerson Peres"]
[Result "0-1"]
[WhiteElo "2120"]
[BlackElo "2175"]
[PlyCount "94"]
[EventDate "2016.05.26"]

1. e4 c5 2. Nf3 e6 3. d4 cxd4 4. Nxd4 Nf6 5. Nc3 Nc6 6. Be3 Bb4 7. Bd3 d5 8.
exd5 Nxd5 9. Nxc6 bxc6 10. Bd2 Bxc3 11. bxc3 Qf6 12. O-O O-O 13. Qg4 e5 14. Qe4
g6 15. Rfe1 Re8 16. f4 Bf5 17. fxe5 Bxe4 18. exf6 Bxd3 19. cxd3 Nxf6 20. Be3
Nd5 21. Bd4 a6 22. g3 Nc7 23. Be5 Re7 24. Rab1 Rae8 25. Rb6 Rxe5 26. Rxe5 Rxe5
27. Rxc6 Re7 28. d4 Kf8 29. c4 Ke8 30. d5 Kd7 31. Rb6 Re4 32. d6 Ne6 33. Rxa6
Rxc4 34. a4 Nd8 35. a5 Rc6 36. Ra7+ Kxd6 37. a6 Rc7 38. Ra8 Nc6 39. g4 Ra7 40.
Rh8 f6 41. Kg2 Nb4 42. h4 Nxa6 43. h5 g5 44. h6 Ke6 45. Kf3 Nc5 46. Ke3 Re7 47.
Kf3 Nd7 0-1

[Event "Campeonato Brasileiro Amador 2016 U2200"]
[Site "Esporte Clube Pinheiros"]
[Date "2016.05.28"]
[Round "5.2"]
[White "Leitao, Nicolau"]
[Black "Pacheco, Helcio"]
[Result "1-0"]
[WhiteElo "2164"]
[BlackElo "2110"]
[PlyCount "89"]
[EventDate "2016.05.26"]

1. d4 Nf6 2. c4 e6 3. Nc3 Bb4 4. e3 O-O 5. Nge2 d5 6. a3 Be7 7. c5 Nbd7 8. Ng3
Re8 9. Bd3 e5 10. O-O Bf8 11. b4 g6 12. Qb3 c6 13. a4 Bg7 14. Bb2 h5 15. b5 e4
16. Bc2 Nf8 17. a5 Bh6 18. a6 Ng4 19. axb7 Bxb7 20. Ncxe4 dxe4 21. Nxe4 Bc8 22.
h3 Nf6 23. Nxf6+ Qxf6 24. d5 Qg5 25. Qc3 f6 26. f4 Qh4 27. Rf3 Bg7 28. bxc6 Re7
29. d6 Rf7 30. d7 Nxd7 31. cxd7 Rxd7 32. c6 Rd6 33. Bxg6 Bg4 34. hxg4 hxg4 35.
g3 Qh6 36. Qc4+ Kh8 37. Rf2 Qxg6 38. e4 Bf8 39. e5 Qd3 40. Rh2+ Kg7 41. exf6+
Kg6 42. Qg8+ Kf5 43. Qh7+ Ke6 44. Re1+ Kd5 45. Qxd3+ 1-0

[Event "Campeonato Brasileiro Amador 2016 U2200"]
[Site "Esporte Clube Pinheiros"]
[Date "2016.05.28"]
[Round "5.3"]
[White "Rodrigues, Tiago Pereira"]
[Black "Brandao, Renan Alves"]
[Result "1-0"]
[WhiteElo "2138"]
[BlackElo "2116"]
[PlyCount "87"]
[EventDate "2016.05.26"]

1. Nf3 g6 2. d4 Bg7 3. c4 Nf6 4. Nc3 O-O 5. e4 d6 6. h3 c5 7. d5 e6 8. Bd3 exd5
9. exd5 Na6 10. O-O Nc7 11. Bg5 a6 12. a4 h6 13. Be3 Nd7 14. Qd2 Kh7 15. Bf4
Ne8 16. Rfe1 f5 17. Re2 Ndf6 18. Rae1 Rf7 19. Qc2 Bf8 20. Bc1 b6 21. Nh2 Rg7
22. Nf1 Raa7 23. Ng3 Rge7 24. Bxf5 Bxf5 25. Nxf5 Rxe2 26. Nxe2 gxf5 27. Qxf5+
Kg8 28. Nf4 Ng7 29. Qg6 Re7 30. Ne6 Qe8 31. Qxf6 Nxe6 32. Rxe6 Rxe6 33. dxe6
Bg7 34. Qf5 Qf8 35. Qd5 Kh8 36. Qe4 Qe8 37. Bf4 Qxa4 38. e7 Qe8 39. b3 Bf6 40.
Bxd6 Kg7 41. Qg4+ Kh8 42. Qe6 Kg7 43. g3 Bd4 44. Bf4 1-0

[Event "Campeonato Brasileiro Amador 2016 U2200"]
[Site "Esporte Clube Pinheiros"]
[Date "2016.05.28"]
[Round "5.4"]
[White "Florencio, Yuri Matos"]
[Black "Cadilhac, Igor Tokuichi Kikuch"]
[Result "0-1"]
[WhiteElo "2073"]
[BlackElo "2129"]
[PlyCount "66"]
[EventDate "2016.05.26"]

1. e4 c5 2. Nf3 d6 3. d4 cxd4 4. Nxd4 Nf6 5. Nc3 g6 6. Be3 Bg7 7. Qd2 Ng4 8.
Bg5 h6 9. Bh4 O-O 10. f3 Ne5 11. O-O-O Nbc6 12. Nxc6 Nxc6 13. Nd5 Be6 14. Kb1
Rc8 15. f4 Kh7 16. Bf2 f5 17. Bd3 Na5 18. Qe2 Bg8 19. c4 e6 20. Nc3 Qf6 21.
Rhe1 Nc6 22. e5 dxe5 23. fxe5 Qxe5 24. Qxe5 Bxe5 25. h3 Rfd8 26. a3 Bxc3 27.
bxc3 e5 28. Kc2 e4 29. Be2 Ne5 30. Bd4 Nxc4 31. Bxc4 Bxc4 32. Bxa7 Bd3+ 33. Kb2
b6 0-1

[Event "Campeonato Brasileiro Amador 2016 U2200"]
[Site "Esporte Clube Pinheiros"]
[Date "2016.05.28"]
[Round "5.5"]
[White "Silva, Luiz Thiago"]
[Black "Loureiro, Anderson Felix"]
[Result "0-1"]
[WhiteElo "1872"]
[BlackElo "2132"]
[PlyCount "60"]
[EventDate "2016.05.26"]

1. d4 Nf6 2. c4 g6 3. Nc3 Bg7 4. e4 d6 5. Nf3 O-O 6. Be2 e5 7. O-O Nc6 8. d5
Ne7 9. Ne1 Nd7 10. Be3 f5 11. f3 f4 12. Bf2 g5 13. Nd3 Ng6 14. c5 Nf6 15. cxd6
cxd6 16. h3 h5 17. Rc1 Rf7 18. Qb3 g4 19. hxg4 hxg4 20. fxg4 Bxg4 21. Qd1 Qd7
22. Bf3 Bxf3 23. Qxf3 Bf8 24. Rce1 Ng4 25. a4 a6 26. Ne2 Rh7 27. g3 Nh2 28. Qh1
Qg4 29. Qxh2 Rxh2 30. Kxh2 Qh5+ 0-1